DPH balíček 2010 přináší změny i pro finanční instituce

Významné zmeny pre uplatnenie DPH v rámci členských štátov EÚ od 1. januára 2010. Nové smernice ECOFIN. Novinky v určení miesta plnenia služieb. Transakcie medzi platcami DPH, B2B (business to business) a neplatičmi DPH, B2C (business to customer). Plošná aplikácia systému reverse charge. Vrátenie d...

Ausführliche Beschreibung

Gespeichert in:
Bibliographische Detailangaben
1. Verfasser: Šťovíčková, Jana
Format: Buchkapitel
Sprache:Tschechisch
Schlagworte:
Tags: Tag hinzufügen
Keine Tags, Fügen Sie das erste Tag hinzu!

MARC

LEADER 00000naa$a2200000$$$4500
001 0100646
005 20231129092817.2
041 0 |a cze 
044 |a CZ 
245 1 0 |a DPH balíček 2010 přináší změny i pro finanční instituce  |c Jana Šťovíčková 
520 |a Významné zmeny pre uplatnenie DPH v rámci členských štátov EÚ od 1. januára 2010. Nové smernice ECOFIN. Novinky v určení miesta plnenia služieb. Transakcie medzi platcami DPH, B2B (business to business) a neplatičmi DPH, B2C (business to customer). Plošná aplikácia systému reverse charge. Vrátenie dane zaplatenej v inom členskom štáte. Odlišné postupy a nové definície. 
610 2 0 |a dane z hodnoty pridanej 
610 2 0 |a legislatíva 
610 2 0 |a Európska únia 
610 2 0 |a smernice 
610 2 0 |a definície 
610 2 0 |a zákony 
610 2 0 |a registrácia 
100 1 |a Šťovíčková, Jana